1998 1616 1901 1258 1953 1734 1934 1476 1459 1191 1624 1841 1647 1599 1957 1715 1868 1581 1577 1509 1642 1427 1913 1435 1304 1154 1502 1786 1877 1775 1713 1787 1820 1349 1206 1928 1100 1425 1257 1385 1486 1490 1535 1138 1661 1244 1402 1954 1398 1619 1161 1454 1901 1275 1739 1721 1199 1214 1487 1145 1265 1521 1420 1889 1778 1423 1053 1200 1756 1112 1135 1720 1043 1067 1285 1679 1602 1217 1674 1841 1614 1390 1141 1621 1065 1392 1566 1535 1044 1141 1816 1880 1018 1440 1202 1144 1545 1483 1125 BCNSPRNW ULIB Ver.6.0+V

เปลี่ยนเป็นภาษาไทย

Change to English
 แสดงรายละเอียดบรรณานุกรม
  กลับหน้าหลัก

Brief Record : Get Marc (ISO 2709) : E-mail record : QR code < ปิดหน้าต่าง
LEADER : 00000nam 2200000uu 4500
001    13399129074
003     ULIB
008    250605s2567||||th 000 0 tha d
020    ^a9786167741581
060    ^aWJ378^bธ211ก
100    ^aธนันดา ตระการวนิช,บรรณาธิการ
245    ^aการบำบัดทดแทนไตด้วยเทคนิคใหม่ = Remainder of title New techniques for renal replacement therapy/^cธนันดา ตระการวนิช,บรรณาธิการ
250    ^aพิมพ์ครั้งที่ 3
260    ^aกรุงเทพฯ :^bภาควิชาอายุรศาสตร์ คณะแพทยศาสตร์วชิรพยาบาล มหาวิทยาลัยนวมินทราธิราช,^c2567
300    ^a257 หน้า
650    ^aไต^xโรค
650    ^aRenal Replacement Therapy
945    ^p650^l0^i30560
945    ^p650^l0^i30561
999    ^aกัณชพร จุลอักษร
รายการนี้ยังไม่มีแท็ก
คุณยังไม่ได้ล็อกอิน คุณสามารถมีกิจกรรมร่วมกับเว็บไซต์ได้ แต่ต้องล็อกอินก่อน ::
  ล็อกอิน

รายการสื่อสารสนเทศ

ลำดับที่ ประเภท เลขเรียก/บาร์โค้ด สถานที่ สถานะ
1. วิทยาศาสตร์การแพทย์ และสุขภาพ
วิทยาศาสตร์การแพทย์ และสุขภาพ
WJ378 ธ211ก ฉ.1 
  Barcode: 30560
ห้องสมุดวิทยาเขตนครสวรรค์
►หนังสือทั่วไป:l:General Books
บนชั้น
2. วิทยาศาสตร์การแพทย์ และสุขภาพ
วิทยาศาสตร์การแพทย์ และสุขภาพ
WJ378 ธ211ก ฉ.2 
  Barcode: 30561
ห้องสมุดวิทยาเขตนครสวรรค์
►หนังสือทั่วไป:l:General Books
บนชั้น

รายการใกล้เคียง
    ผู้แต่ง [ธนันดา ตระการวนิช,บรรณาธิการ]

    หัวเรื่อง [ไต โรค]
    หัวเรื่อง [Renal Replacement Therapy]

BibComment


ยังไม่เคยถูกคอมเมนท์

คอมเมนท์ทรัพยากรรายการนี้
  คอมเมนท์: การบำบัดทดแทนไตด..


 Copyright 2026. Bcnsprnw @Library